[Event "AUTO-ADV-1568"]
[Site "http://www.queenalice.com/game.php?id=695921"]
[Date "2009.12.10"]
[Round "1"]
[White "bigbem"]
[Black "jordancavalera"]
[Result "0-1"]
[WhiteElo "1681"]
[BlackElo "1758"]

1. e4 c5 2. c4 Nc6 3. Nf3 e5 4. d3 d6 5. h3 h6 6. Nc3 a6 7. Nd5 Be6 8. Be2 Be7
9. Qb3 Nd4 10. Nxd4 cxd4 11. Qxb7 Bxd5 12. cxd5 Nf6 13. g4 O-O 14. O-O Qd7 15.
Qxd7 Nxd7 16. b4 Bd8 17. Ba3 Be7 18. Bd1 Nb6 19. Rc1 Rfc8 20. Rxc8+ Rxc8 21. Bb3
Rc3 22. Rd1 g6 23. f3 Na4 24. Bc1 Bg5 25. Bxg5 Nb2 26. Rd2 Nxd3 27. Bxh6 Ne1 28.
Kf2 Nd3+ 29. Ke2 Nc1+ 30. Kf2 Nxb3 31. Rb2 Na1 32. Bd2 Ra3 33. Bc1 f6 34. Rb1
Rxa2+ 35. Bb2 Nc2 36. Kg3 Nxb4 37. Bxd4 exd4 38. Rxb4 d3 39. Rb1 a5 40. Kf4 Re2
41. g5 d2 42. Rd1 a4 43. Kg3 a3 44. f4 a2 45. Kf3 a1=Q 46. Kxe2 Qd4 47. Rxd2
Qxe4+ 48. Kd1 Qf3+ 49. Kc2 Qxf4 50. Kc3 Qxg5 51. Rd4 f5 52. Kd3 f4 53. Re4 Qg3+
54. Kd4 Qg1+ 55. Kd3 f3 56. Re6 f2 57. Rxd6 f1=Q+ 58. Ke4 Qf5# 0-1

[Event "AUTO-ADV-1568"]
[Site "http://www.queenalice.com/game.php?id=695922"]
[Date "2009.12.10"]
[Round "1"]
[White "jordancavalera"]
[Black "Andre_Mendes"]
[Result "1-0"]
[WhiteElo "1724"]
[BlackElo "1579"]

1. e4 e5 2. Nf3 d6 3. Nc3 Bg4 4. h3 Bxf3 5. Qxf3 Nf6 6. d3 h6 7. Be3 Nc6 8. a3
a6 9. Qd1 g5 10. Be2 Bg7 11. O-O O-O 12. b4 d5 13. exd5 Nxd5 14. Nxd5 Qxd5 15.
Bf3 e4 16. Bxe4 Qd6 17. Rb1 Bd4 18. Bxc6 bxc6 19. Bxd4 Qxd4 20. Qh5 Kg7 21. Rb3
Rfe8 22. Qf3 c5 23. c3 1-0

[Event "AUTO-ADV-1568"]
[Site "http://www.queenalice.com/game.php?id=695923"]
[Date "2009.12.10"]
[Round "1"]
[White "Andre_Mendes"]
[Black "jordancavalera"]
[Result "0-1"]
[WhiteElo "1590"]
[BlackElo "1713"]

1. e4 c5 2. Nc3 Nc6 3. Bb5 Na5 4. d3 a6 5. Bc4 Nxc4 6. dxc4 e5 7. Nf3 d6 8. O-O
Nf6 9. Bg5 h6 10. Bxf6 Qxf6 11. Nd5 Qd8 12. c3 Be7 13. Nxe7 Qxe7 14. h3 O-O 15.
b4 cxb4 16. cxb4 Be6 17. Nd2 Rac8 18. Qc2 d5 19. exd5 Bxd5 20. c5 b6 21. Ne4
Bxe4 22. Qxe4 bxc5 23. bxc5 Rxc5 24. Rfc1 Rfc8 25. Rxc5 Rxc5 0-1

[Event "AUTO-INT-1613"]
[Site "http://www.queenalice.com/game.php?id=732399"]
[Date "2010.2.15"]
[Round "1"]
[White "ricardofortaleza"]
[Black "jordancavalera"]
[Result "1-0"]
[WhiteElo "1365"]
[BlackElo "1665"]

1. e4 c5 2. Nf3 d6 3. Bb5+ Bd7 4. c4 a6 5. Bxd7+ Nxd7 6. O-O Ngf6 7. d3 g6 8.
Qe1 Bg7 9. Nc3 e6 10. d4 cxd4 11. Nxd4 O-O 12. Bg5 e5 13. Bxf6 Nxf6 14. Nd5 Nxd5
15. cxd5 1-0

[Event "AUTO-INT-1613"]
[Site "http://www.queenalice.com/game.php?id=732400"]
[Date "2010.2.15"]
[Round "1"]
[White "jordancavalera"]
[Black "ricardofortaleza"]
[Result "0-1"]
[WhiteElo "1695"]
[BlackElo "1335"]

1. e4 e5 2. Nf3 d6 3. Be2 Nf6 4. Nc3 Be7 5. O-O O-O 6. d3 b6 7. Be3 c5 8. a3 Ng4
9. Nd5 Nc6 10. Qd2 Bf6 11. h3 Nxe3 12. Qxe3 Nd4 13. Nxd4 exd4 14. Qf3 Bb7 15.
Nxf6+ Qxf6 16. Qxf6 gxf6 17. c4 a6 0-1

[Event "AUTO-INT-1613"]
[Site "http://www.queenalice.com/game.php?id=732415"]
[Date "2010.2.15"]
[Round "1"]
[White "amarof"]
[Black "jordancavalera"]
[Result "1-0"]
[WhiteElo "1227"]
[BlackElo "1605"]

1. e4 c5 2. Nc3 Nc6 3. Nf3 d6 4. Bb5 Bd7 5. O-O a6 6. Bc4 Nf6 7. d4 b5 8. Bd5 b4
9. Na4 g6 10. e5 Nxd5 11. c4 bxc3 12. bxc3 cxd4 13. cxd4 dxe5 14. dxe5 Bg4 15.
Rb1 Nxe5 16. h3 1-0

[Event "AUTO-INT-1613"]
[Site "http://www.queenalice.com/game.php?id=732416"]
[Date "2010.2.15"]
[Round "1"]
[White "jordancavalera"]
[Black "amarof"]
[Result "0-1"]
[WhiteElo "1635"]
[BlackElo "1197"]

1. e4 e5 2. Nf3 Nc6 3. Bb5 Nf6 4. Nc3 Bb4 5. O-O O-O 6. d3 d5 7. Bxc6 bxc6 8.
Nxe5 Bd7 9. Bg5 d4 10. Ne2 h6 11. Bxf6 Qxf6 12. Nxd7 Qg5 13. Nxf8 Kxf8 14. Nxd4
c5 15. Nc6 Qf6 16. Nxb4 cxb4 17. c3 bxc3 18. bxc3 Qxc3 0-1

[Event "AUTO-INT-1613"]
[Site "http://www.queenalice.com/game.php?id=732427"]
[Date "2010.2.15"]
[Round "1"]
[White "jordancavalera"]
[Black "bbking"]
[Result "1-0"]
[WhiteElo "1753"]
[BlackElo "1474"]

1. e4 e5 2. Nf3 Nc6 3. Bb5 a6 4. Bxc6 dxc6 5. O-O Bd6 6. d4 f6 7. dxe5 fxe5 8.
Bg5 Nf6 9. Nc3 Bg4 10. h3 Bxf3 11. Qxf3 O-O 12. Rad1 b5 13. a3 a5 14. b4 axb4
15. axb4 Ra3 16. Rd3 Qa8 17. Nb1 Ra1 18. c3 c5 19. Bxf6 Rxf6 20. Qg3 Qxe4 21.
Nd2 Rxf1+ 22. Kxf1 Qf5 23. Rf3 e4 24. Rxf5 Bxg3 25. Rxf6 gxf6 26. fxg3 e3 27.
Ne4 cxb4 28. cxb4 f5 29. Nf6+ Kf7 30. Nd5 c5 31. bxc5 Ke6 32. Nxe3 b4 33. Ke2 b3
34. Kd2 1-0

[Event "AUTO-INT-1613"]
[Site "http://www.queenalice.com/game.php?id=732428"]
[Date "2010.2.15"]
[Round "1"]
[White "bbking"]
[Black "jordancavalera"]
[Result "0-1"]
[WhiteElo "1481"]
[BlackElo "1706"]

1. e4 c5 2. Nf3 d6 3. d4 cxd4 4. Nxd4 Nf6 5. Nc3 e5 6. Bb5+ Bd7 7. O-O exd4 8.
Qxd4 Bxb5 9. Nxb5 Nc6 10. Qc4 a6 11. Nd4 Nxd4 12. Qxd4 g6 13. Bg5 Bg7 14. e5
dxe5 15. Qxe5+ Qe7 16. Rae1 Qxe5 17. Rxe5+ Kd7 18. Bxf6 Bxf6 19. Re4 Bxb2 20.
Rb4 Bc3 21. Rd1+ Ke6 22. Rc4 Rhd8 23. Re4+ Kf5 24. Rxd8 Rxd8 0-1

[Event "Challenge"]
[Site "http://www.queenalice.com/game.php?id=735066"]
[Date "2010.2.20"]
[Round "-"]
[White "SallesAndre"]
[Black "jordancavalera"]
[Result "1-0"]
[WhiteElo "1539"]
[BlackElo "1769"]

1. e4 c5 2. Bc4 d6 3. Nf3 Nf6 4. Nc3 Nc6 5. Bb5 g6 6. d3 e6 7. Bg5 Be7 8. h3 O-O
9. Bxc6 bxc6 10. O-O Ba6 11. e5 dxe5 12. Nxe5 Qd6 13. Ng4 Nxg4 14. Qxg4 Bxg5 15.
Qxg5 c4 16. Qh6 cxd3 17. Ne4 Qd4 18. Qh4 f5 19. cxd3 fxe4 20. Rfd1 Bxd3 21. Rac1
1-0

[Event "Challenge"]
[Site "http://www.queenalice.com/game.php?id=735067"]
[Date "2010.2.20"]
[Round "-"]
[White "jordancavalera"]
[Black "SallesAndre"]
[Result "0-1"]
[WhiteElo "1769"]
[BlackElo "1609"]

1. e4 e5 2. Nf3 Nc6 3. Nc3 Bc5 4. Bb5 d6 5. O-O Bd7 6. d3 h6 7. a3 Nf6 8. b4 Bd4
9. Bb2 Bxc3 10. Bxc3 O-O 11. Bd2 a6 12. Bxc6 Bxc6 13. c4 b5 14. c5 dxc5 15. bxc5
Qxd3 16. Ba5 Qxd1 17. Raxd1 Bxe4 18. Bxc7 Bxf3 19. gxf3 e4 20. Bd6 Rfd8 21. c6
exf3 22. c7 Rdc8 0-1

[Event "AUTO-OPEN-1897"]
[Site "http://www.queenalice.com/game.php?id=739890"]
[Date "2010.3.2"]
[Round "1"]
[White "GIOLE"]
[Black "jordancavalera"]
[Result "1-0"]
[WhiteElo "2083"]
[BlackElo "1728"]

1. d4 d5 2. c4 e6 3. Nc3 Nf6 4. Bg5 Be7 5. e3 Bb4 6. Qa4+ Nc6 7. Nf3 Bd7 8. cxd5
Nxd4 9. Qd1 Nxf3+ 10. Qxf3 exd5 11. a3 Bxc3+ 12. bxc3 O-O 13. Bd3 Be6 14. Rd1 c6
15. c4 Qa5+ 16. Rd2 dxc4 17. Bxf6 cxd3 18. Qg3 g6 19. Qh4 Qxa3 20. O-O h5 21.
Qd4 c5 22. Qe5 Kh7 23. Ra1 Qb3 24. Qxc5 b6 25. Qd6 Bf5 26. Bd4 Qe6 27. Qg3 Rac8
28. f3 1-0

[Event "AUTO-OPEN-1897"]
[Site "http://www.queenalice.com/game.php?id=739891"]
[Date "2010.3.2"]
[Round "1"]
[White "jordancavalera"]
[Black "GIOLE"]
[Result "0-1"]
[WhiteElo "1730"]
[BlackElo "2081"]

1. e4 g6 2. d3 d6 3. Be2 Bg7 4. Nf3 Nf6 5. Be3 Nc6 6. O-O Ng4 7. h3 Nxe3 8. fxe3
Bxb2 9. Nbd2 Bxa1 10. Qxa1 O-O 11. d4 e5 12. d5 Ne7 13. c4 c6 14. Nb3 Bd7 15. c5
cxd5 16. cxd6 Nc8 17. Nxe5 dxe4 18. Nc5 Bc6 19. d7 Nb6 20. Rd1 f6 21. Nxc6 bxc6
22. Nb7 Qc7 23. d8=Q Raxd8 24. Nxd8 Rxd8 25. Qxf6 Rf8 26. Qe6+ Qf7 27. Qxf7+
Rxf7 0-1

[Event "AUTO-OPEN-1897"]
[Site "http://www.queenalice.com/game.php?id=739918"]
[Date "2010.3.2"]
[Round "1"]
[White "Kings_Pawn"]
[Black "jordancavalera"]
[Result "1-0"]
[WhiteElo "2145"]
[BlackElo "1726"]

1. e4 c5 2. Nf3 d6 3. d4 Nf6 4. Nc3 Bg4 5. dxc5 Bxf3 6. Qxf3 Nc6 7. Bb5 a6 8.
Bxc6+ bxc6 9. e5 dxe5 10. Qxc6+ Nd7 11. Qa4 Qc7 12. Be3 e6 13. O-O-O Ra7 14. c6
Bc5 15. cxd7+ Ke7 16. Bxc5+ Qxc5 17. Ne4 Qb5 18. Qa3+ Kd8 19. Nd6 1-0

[Event "AUTO-OPEN-1897"]
[Site "http://www.queenalice.com/game.php?id=739919"]
[Date "2010.3.2"]
[Round "1"]
[White "jordancavalera"]
[Black "Kings_Pawn"]
[Result "0-1"]
[WhiteElo "1724"]
[BlackElo "2146"]

1. e4 e5 2. Nf3 Nc6 3. Nc3 Nf6 4. d3 d5 5. Bg5 d4 6. Nd5 Qd6 7. Be2 Nxd5 8. exd5
Qxd5 9. O-O Bd6 10. a3 O-O 11. c4 Qe6 12. b4 Bd7 13. b5 Nd8 14. h3 f5 15. a4 Nf7
16. Qd2 c5 17. a5 Rae8 18. a6 b6 19. Nh4 Nxg5 0-1

[Event "AUTO-OPEN-1897"]
[Site "http://www.queenalice.com/game.php?id=739938"]
[Date "2010.3.2"]
[Round "1"]
[White "jordancavalera"]
[Black "gafilho"]
[Result "0-1"]
[WhiteElo "1748"]
[BlackElo "2388"]

1. e4 c5 2. d3 d6 3. Be2 Nf6 4. Nf3 g6 5. Bg5 Bg7 6. O-O O-O 7. Nc3 Nbd7 8. h3
h6 9. Bxf6 Nxf6 10. d4 cxd4 11. Nxd4 a6 12. Bf3 Qb6 13. Nde2 Qxb2 14. Nd5 Nxd5
15. exd5 Qxa1 16. Qxa1 Bxa1 17. Rxa1 Bd7 18. c4 Rfc8 19. Rc1 b5 20. c5 Rxc5 21.
Rxc5 dxc5 22. d6 Re8 23. dxe7 Rxe7 24. Nf4 Re1+ 25. Kh2 c4 26. Bd5 Kg7 27. f3
Ra1 0-1

[Event "AUTO-OPEN-1897"]
[Site "http://www.queenalice.com/game.php?id=739939"]
[Date "2010.3.2"]
[Round "1"]
[White "gafilho"]
[Black "jordancavalera"]
[Result "1-0"]
[WhiteElo "2408"]
[BlackElo "1771"]

1. d4 d5 2. c4 e6 3. Nc3 Bb4 4. Qa4+ Nc6 5. Bd2 Bd7 6. Rc1 Nxd4 7. Qxb4 b6 8.
cxd5 Nf5 9. Nf3 a5 10. Qf4 exd5 11. Nxd5 Be6 12. Nxc7+ 1-0

[Event "UOL2"]
[Site "http://www.queenalice.com/game.php?id=748365"]
[Date "2010.3.19"]
[Round "3"]
[White "filipe"]
[Black "jordancavalera"]
[Result "1-0"]
[WhiteElo "1735"]
[BlackElo "1746"]

1. e4 c5 2. Nf3 d6 3. d4 cxd4 4. Nxd4 e5 5. Nb3 g6 6. Nc3 Ne7 7. Bg5 Be6 8. Bf6
Rg8 9. Nb5 d5 10. exd5 Qxd5 11. Nc7+ 1-0